Flagi państw w 1900 r. - Statystyki

Ogólne statystyki
  • Ten quiz został rozwiązany 55 razy
  • Średni wynik to 33 z 77
Statystyki odpowiedzi
Obrazkowy Odpowiedź % Poprawnych
Kolumbia
97%
Stany Zjednoczone
97%
Urugwaj
84%
Wielka Brytania
84%
Kanada
75%
Chile
72%
Japonia
72%
Meksyk
72%
Austro-Węgry
69%
Bhutan
69%
Brazylia
69%
Liberia
69%
Nikaragua
69%
Portugalia
69%
Rumunia
69%
Andora
63%
Dania
63%
Niemcy
63%
Argentyna
59%
Belgia
59%
Francja
59%
Luksemburg
59%
Nepal
59%
Persja
59%
Rosja
59%
Szwajcaria
59%
Włochy
59%
Dominikana
56%
Etiopia
56%
Gwatemala
56%
Holandia
56%
Wenezuela
56%
Chiny
53%
Imperium Osmańskie
53%
Monako
53%
Paragwaj
53%
Boliwia
50%
Grecja
50%
Haiti
50%
Kostaryka
50%
San Marino
50%
Serbia
50%
Ekwador
47%
Tonga
47%
Hiszpania
44%
Peru
41%
Szwecja i Norwegia
41%
Wolne Państwo Kongo
41%
Eswatini
38%
Honduras
38%
Korea
38%
Czarnogóra
34%
Syjam
34%
Afganistan
28%
Sułtanat Maskatu i Omanu
28%
Liechtenstein
25%
Bułgaria
19%
Aceh
16%
Państwo Kreteńskie
16%
Maroko
13%
Salwador
13%
Acre
9%
Ha'il
9%
Bali
6%
Jambi
6%
Orania
6%
Sokoto
6%
Transwal
6%
Ankole
3%
Aszanti
3%
Aussa
3%
Champasak
3%
Johor
3%
Państwo Derwiszów
3%
Dendi
0%
Geledi
0%
Sulu
0%
Nie znaleziono quizów pasujących do podanych kryteriów
Rozkład punktacji
Procent ludzi z każdym wynikiem
Percentyl według liczby udzielonych odpowiedzi
Twoja historia wyników
Nie rozwiązałeś tego quizu